00967nam a2200217 a 450000100100000000500170001000800410002702000150006804000250008310000280010824500780013626000680021430000210028249000350030370000250033883000420036395201110040595201110051695201050062799900170073200004000820201002033848.0130802s2004 mx 000 0 spa d a9703204724 aDO-SdBNPbspacBNPHU1 aGamboa, Federico96623910aViaje a la isla Ricamea /cFederico Gamboa ; introducción Óscar Mata. aMéxico :bUniversidad Nacional Autónoma de México,c2004. a190 p. ;c18 cm.1 aRelato Licenciado Vidrierav271 aMata, Óscar966240 0aRelato Licenciado Vidrierav27966234 001050718MOaGRbGRcCTd2013-08-02iLF1l0o p40008-10r2020-06-25te. 2w2020-06-25y1ZNo se presta 001050718MOaGRbGRcCTd2013-08-02iLF1l0o p40008-20r2020-06-25te. 3w2020-06-25y1ZNo se presta 001050718MOaGRbGRcCTd2013-08-02iLF1l0o p40008-30r2020-06-25w2020-06-25y1ZNo se presta c39498d39498